Statistics for Click the Correct Flag

Click here to take the quiz!

General Stats

  • This quiz has been taken 112 times
  • The average score is 41 of 45

Answer Stats

QuestionTileSelect% Correct
AndorraNo
98%
AndorraNo
98%
AndorraNo
98%
AndorraNo
98%
AndorraNo
97%
AndorraNo
96%
AndorraNo
96%
AndorraNo
95%
JamaicaNo
94%
JamaicaNo
94%
JamaicaNo
94%
JamaicaNo
94%
JamaicaNo
94%
JamaicaNo
93%
JamaicaNo
93%
JamaicaYes
93%
JamaicaNo
93%
BoliviaNo
93%
The Democratic Republic Of The CongoNo
93%
BoliviaNo
93%
The Democratic Republic Of The CongoNo
93%
BoliviaNo
93%
KyrgyzstanNo
93%
KyrgyzstanNo
93%
The Democratic Republic Of The CongoNo
93%
KyrgyzstanNo
92%
KyrgyzstanNo
92%
KyrgyzstanNo
92%
The Democratic Republic Of The CongoNo
92%
AndorraYes
92%
BoliviaNo
92%
BoliviaNo
92%
BoliviaNo
91%
BoliviaNo
91%
BoliviaNo
90%
KyrgyzstanNo
90%
The Democratic Republic Of The CongoNo
89%
KyrgyzstanNo
89%
The Democratic Republic Of The CongoNo
88%
The Democratic Republic Of The CongoNo
86%
KyrgyzstanNo
85%
The Democratic Republic Of The CongoNo
79%
BoliviaYes
77%
KyrgyzstanYes
76%
The Democratic Republic Of The CongoYes
64%

Score Distribution

Percentile by Number Answered

Percent of People with Each Score

Your Score History

You have not taken this quiz